Número Decimal a Romano - Estadísticas

Estadísticas generales
  • Esta prueba ha sido intentada 242 veces
  • La puntuación promedio es 12 de 20
Estadísticas de respuestas
Arabigo Romano % Correcto
200 CC
100%
302 CCCII
100%
356 CCCLVI
100%
360 CCCLX
100%
362 CCCLXII
100%
370 CCCLXX
100%
377 CCCLXXVII
100%
381 CCCLXXXI
100%
387 CCCLXXXVII
100%
306 CCCVI
100%
308 CCCVIII
100%
312 CCCXII
100%
313 CCCXIII
100%
349 CCCXLIX
100%
345 CCCXLV
100%
348 CCCXLVIII
100%
317 CCCXVII
100%
323 CCCXXIII
100%
324 CCCXXIV
100%
329 CCCXXIX
100%
326 CCCXXVI
100%
332 CCCXXXII
100%
337 CCCXXXVII
100%
263 CCLXIII
100%
264 CCLXIV
100%
277 CCLXXVII
100%
278 CCLXXVIII
100%
280 CCLXXX
100%
281 CCLXXXI
100%
206 CCVI
100%
207 CCVII
100%
298 CCXCVIII
100%
240 CCXL
100%
215 CCXV
100%
216 CCXVI
100%
221 CCXXI
100%
223 CCXXIII
100%
224 CCXXIV
100%
230 CCXXX
100%
231 CCXXXI
100%
233 CCXXXIII
100%
236 CCXXXVI
100%
453 CDLIII
100%
462 CDLXII
100%
463 CDLXIII
100%
479 CDLXXIX
100%
475 CDLXXV
100%
476 CDLXXVI
100%
477 CDLXXVII
100%
481 CDLXXXI
100%
489 CDLXXXIX
100%
487 CDLXXXVII
100%
495 CDXCV
100%
497 CDXCVII
100%
411 CDXI
100%
413 CDXIII
100%
418 CDXVIII
100%
429 CDXXIX
100%
431 CDXXXI
100%
152 CLII
100%
155 CLV
100%
156 CLVI
100%
158 CLVIII
100%
161 CLXI
100%
169 CLXIX
100%
165 CLXV
100%
166 CLXVI
100%
186 CLXXXVI
100%
959 CMLIX
100%
967 CMLXVII
100%
970 CMLXX
100%
974 CMLXXIV
100%
926 CMXXVI
100%
936 CMXXXVI
100%
937 CMXXXVII
100%
938 CMXXXVIII
100%
106 CVI
100%
110 CX
100%
193 CXCIII
100%
116 CXVI
100%
117 CXVII
100%
126 CXXVI
100%
128 CXXVIII
100%
133 CXXXIII
100%
600 DC
100%
802 DCCCII
100%
850 DCCCL
100%
851 DCCCLI
100%
853 DCCCLIII
100%
857 DCCCLVII
100%
864 DCCCLXIV
100%
887 DCCCLXXXVII
100%
893 DCCCXCIII
100%
847 DCCCXLVII
100%
835 DCCCXXXV
100%
751 DCCLI
100%
756 DCCLVI
100%
761 DCCLXI
100%
764 DCCLXIV
100%
778 DCCLXXVIII
100%
707 DCCVII
100%
790 DCCXC
100%
714 DCCXIV
100%
743 DCCXLIII
100%
748 DCCXLVIII
100%
716 DCCXVI
100%
727 DCCXXVII
100%
735 DCCXXXV
100%
738 DCCXXXVIII
100%
660 DCLX
100%
670 DCLXX
100%
677 DCLXXVII
100%
683 DCLXXXIII
100%
693 DCXCIII
100%
631 DCXXXI
100%
632 DCXXXII
100%
509 DIX
100%
553 DLIII
100%
555 DLV
100%
557 DLVII
100%
566 DLXVI
100%
575 DLXXV
100%
589 DLXXXIX
100%
510 DX
100%
591 DXCI
100%
596 DXCVI
100%
511 DXI
100%
544 DXLIV
100%
520 DXX
100%
527 DXXVII
100%
2 II
100%
60 LX
100%
66 LXVI
100%
67 LXVII
100%
78 LXXVIII
100%
1000 M
100%
1353 MCCCLIII
100%
1359 MCCCLIX
100%
1360 MCCCLX
100%
1366 MCCCLXVI
100%
1370 MCCCLXX
100%
1314 MCCCXIV
100%
1340 MCCCXL
100%
1316 MCCCXVI
100%
1325 MCCCXXV
100%
1251 MCCLI
100%
1259 MCCLIX
100%
1260 MCCLX
100%
1269 MCCLXIX
100%
1205 MCCV
100%
1296 MCCXCVI
100%
1211 MCCXI
100%
1246 MCCXLVI
100%
1223 MCCXXIII
100%
1225 MCCXXV
100%
1227 MCCXXVII
100%
1239 MCCXXXIX
100%
1236 MCCXXXVI
100%
1238 MCCXXXVIII
100%
1451 MCDLI
100%
1462 MCDLXII
100%
1465 MCDLXV
100%
1468 MCDLXVIII
100%
1470 MCDLXX
100%
1487 MCDLXXXVII
100%
1407 MCDVII
100%
1423 MCDXXIII
100%
1426 MCDXXVI
100%
1439 MCDXXXIX
100%
1437 MCDXXXVII
100%
1153 MCLIII
100%
1157 MCLVII
100%
1158 MCLVIII
100%
1160 MCLX
100%
1171 MCLXXI
100%
1188 MCLXXXVIII
100%
1963 MCMLXIII
100%
1972 MCMLXXII
100%
1984 MCMLXXXIV
100%
1988 MCMLXXXVIII
100%
1907 MCMVII
100%
1912 MCMXII
100%
1944 MCMXLIV
100%
1948 MCMXLVIII
100%
1926 MCMXXVI
100%
1930 MCMXXX
100%
1938 MCMXXXVIII
100%
1195 MCXCV
100%
1196 MCXCVI
100%
1113 MCXIII
100%
1145 MCXLV
100%
1148 MCXLVIII
100%
1123 MCXXIII
100%
1130 MCXXX
100%
1134 MCXXXIV
100%
1138 MCXXXVIII
100%
1850 MDCCCL
100%
1859 MDCCCLIX
100%
1877 MDCCCLXXVII
100%
1890 MDCCCXC
100%
1897 MDCCCXCVII
100%
1812 MDCCCXII
100%
1823 MDCCCXXIII
100%
1824 MDCCCXXIV
100%
1828 MDCCCXXVIII
100%
1839 MDCCCXXXIX
100%
1752 MDCCLII
100%
1754 MDCCLIV
100%
1757 MDCCLVII
100%
1763 MDCCLXIII
100%
1784 MDCCLXXXIV
100%
1705 MDCCV
100%
1716 MDCCXVI
100%
1736 MDCCXXXVI
100%
1738 MDCCXXXVIII
100%
1659 MDCLIX
100%
1672 MDCLXXII
100%
1644 MDCXLIV
100%
1629 MDCXXIX
100%
1626 MDCXXVI
100%
1563 MDLXIII
100%
1569 MDLXIX
100%
1570 MDLXX
100%
1572 MDLXXII
100%
1585 MDLXXXV
100%
1505 MDV
100%
1507 MDVII
100%
1514 MDXIV
100%
1519 MDXIX
100%
1547 MDXLVII
100%
1521 MDXXI
100%
1532 MDXXXII
100%
1534 MDXXXIV
100%
1004 MIV
100%
1072 MLXXII
100%
1079 MLXXIX
100%
1088 MLXXXVIII
100%
2000 MM
100%
1013 MXIII
100%
1043 MXLIII
100%
1044 MXLIV
100%
1020 MXX
100%
1029 MXXIX
100%
1030 MXXX
100%
10 X
100%
90 XC
100%
11 XI
100%
20 XX
100%
39 XXXIX
100%
1 I
96%
7 VII
96%
14 XIV
90%
15 XV
90%
26 XXVI
90%
30 XXX
88%
32 XXXII
88%
8 VIII
85%
4 IV
84%
150 CL
83%
124 CXXIV
83%
87 LXXXVII
83%
13 XIII
82%
24 XXIV
82%
33 XXXIII
82%
6 VI
81%
170 CLXX
80%
108 CVIII
80%
146 CXLVI
80%
125 CXXV
80%
89 LXXXIX
80%
5 V
80%
31 XXXI
80%
37 XXXVII
80%
9 IX
78%
12 XII
78%
36 XXXVI
78%
428 CDXXVIII
75%
101 CI
75%
103 CIII
75%
109 CIX
75%
196 CXCVI
75%
113 CXIII
75%
123 CXXIII
75%
132 CXXXII
75%
50 L
75%
53 LIII
75%
63 LXIII
75%
73 LXXIII
75%
96 XCVI
75%
18 XVIII
75%
21 XXI
75%
28 XXVIII
75%
3 III
74%
16 XVI
74%
42 XLII
73%
29 XXIX
73%
54 LIV
71%
40 XL
71%
17 XVII
71%
23 XXIII
71%
35 XXXV
71%
304 CCCIV
67%
353 CCCLIII
67%
363 CCCLXIII
67%
365 CCCLXV
67%
371 CCCLXXI
67%
380 CCCLXXX
67%
319 CCCXIX
67%
331 CCCXXXI
67%
335 CCCXXXV
67%
255 CCLV
67%
265 CCLXV
67%
235 CCXXXV
67%
456 CDLVI
67%
457 CDLVII
67%
471 CDLXXI
67%
427 CDXXVII
67%
104 CIV
67%
144 CXLIV
67%
147 CXLVII
67%
118 CXVIII
67%
121 CXXI
67%
127 CXXVII
67%
130 CXXX
67%
131 CXXXI
67%
138 CXXXVIII
67%
617 DCXVII
67%
51 LI
67%
55 LV
67%
61 LXI
67%
70 LXX
67%
76 LXXVI
67%
82 LXXXII
67%
84 LXXXIV
67%
92 XCII
67%
19 XIX
67%
25 XXV
67%
105 CV
63%
57 LVII
63%
77 LXXVII
63%
99 XCIX
63%
43 XLIII
62%
22 XXII
62%
62 LXII
60%
64 LXIV
60%
65 LXV
60%
81 LXXXI
60%
86 LXXXVI
60%
95 XCV
60%
41 XLI
60%
44 XLIV
58%
141 CXLI
57%
115 CXV
57%
137 CXXXVII
57%
48 XLVIII
55%
27 XXVII
55%
34 XXXIV
55%
301 CCCI
50%
359 CCCLIX
50%
369 CCCLXIX
50%
366 CCCLXVI
50%
368 CCCLXVIII
50%
372 CCCLXXII
50%
375 CCCLXXV
50%
378 CCCLXXVIII
50%
307 CCCVII
50%
310 CCCX
50%
390 CCCXC
50%
396 CCCXCVI
50%
341 CCCXLI
50%
342 CCCXLII
50%
201 CCI
50%
204 CCIV
50%
209 CCIX
50%
250 CCL
50%
251 CCLI
50%
254 CCLIV
50%
262 CCLXII
50%
269 CCLXIX
50%
268 CCLXVIII
50%
273 CCLXXIII
50%
287 CCLXXXVII
50%
205 CCV
50%
208 CCVIII
50%
290 CCXC
50%
295 CCXCV
50%
297 CCXCVII
50%
241 CCXLI
50%
222 CCXXII
50%
238 CCXXXVIII
50%
401 CDI
50%
402 CDII
50%
409 CDIX
50%
469 CDLXIX
50%
485 CDLXXXV
50%
410 CDX
50%
491 CDXCI
50%
496 CDXCVI
50%
414 CDXIV
50%
443 CDXLIII
50%
421 CDXXI
50%
102 CII
50%
159 CLIX
50%
160 CLX
50%
168 CLXVIII
50%
172 CLXXII
50%
173 CLXXIII
50%
175 CLXXV
50%
176 CLXXVI
50%
177 CLXXVII
50%
181 CLXXXI
50%
187 CLXXXVII
50%
901 CMI
50%
902 CMII
50%
194 CXCIV
50%
195 CXCV
50%
111 CXI
50%
143 CXLIII
50%
120 CXX
50%
122 CXXII
50%
136 CXXXVI
50%
833 DCCCXXXIII
50%
766 DCCLXVI
50%
669 DCLXIX
50%
687 DCLXXXVII
50%
613 DCXIII
50%
620 DCXX
50%
629 DCXXIX
50%
561 DLXI
50%
521 DXXI
50%
528 DXXVIII
50%
52 LII
50%
69 LXIX
50%
71 LXXI
50%
83 LXXXIII
50%
1349 MCCCXLIX
50%
1209 MCCIX
50%
1220 MCCXX
50%
1228 MCCXXVIII
50%
1402 MCDII
50%
1424 MCDXXIV
50%
1104 MCIV
50%
1801 MDCCCI
50%
1623 MDCXXIII
50%
1081 MLXXXI
50%
1093 MXCIII
50%
1025 MXXV
50%
91 XCI
50%
97 XCVII
50%
45 XLV
50%
47 XLVII
50%
38 XXXVIII
50%
474 CDLXXIV
43%
59 LIX
43%
68 LXVIII
43%
339 CCCXXXIX
40%
488 CDLXXXVIII
40%
119 CXIX
40%
145 CXLV
40%
88 LXXXVIII
40%
107 CVII
38%
72 LXXII
38%
303 CCCIII
33%
384 CCCLXXXIV
33%
282 CCLXXXII
33%
292 CCXCII
33%
242 CCXLII
33%
248 CCXLVIII
33%
403 CDIII
33%
466 CDLXVI
33%
483 CDLXXXIII
33%
425 CDXXV
33%
437 CDXXXVII
33%
185 CLXXXV
33%
198 CXCVIII
33%
114 CXIV
33%
148 CXLVIII
33%
134 CXXXIV
33%
1560 MDLX
33%
1028 MXXVIII
33%
98 XCVIII
33%
46 XLVI
29%
274 CCLXXIV
25%
56 LVI
25%
93 XCIII
25%
49 XLIX
25%
293 CCXCIII
20%
142 CXLII
20%
79 LXXIX
20%
338 CCCXXXVIII
17%
129 CXXIX
17%
75 LXXV
17%
94 XCIV
17%
139 CXXXIX
14%
100 C
0%
300 CCC
0%
309 CCCIX
0%
350 CCCL
0%
351 CCCLI
0%
352 CCCLII
0%
354 CCCLIV
0%
355 CCCLV
0%
357 CCCLVII
0%
358 CCCLVIII
0%
361 CCCLXI
0%
364 CCCLXIV
0%
367 CCCLXVII
0%
373 CCCLXXIII
0%
374 CCCLXXIV
0%
379 CCCLXXIX
0%
376 CCCLXXVI
0%
382 CCCLXXXII
0%
383 CCCLXXXIII
0%
389 CCCLXXXIX
0%
385 CCCLXXXV
0%
386 CCCLXXXVI
0%
388 CCCLXXXVIII
0%
305 CCCV
0%
391 CCCXCI
0%
392 CCCXCII
0%
393 CCCXCIII
0%
394 CCCXCIV
0%
399 CCCXCIX
0%
395 CCCXCV
0%
397 CCCXCVII
0%
398 CCCXCVIII
0%
311 CCCXI
0%
314 CCCXIV
0%
340 CCCXL
0%
343 CCCXLIII
0%
344 CCCXLIV
0%
346 CCCXLVI
0%
347 CCCXLVII
0%
315 CCCXV
0%
316 CCCXVI
0%
318 CCCXVIII
0%
320 CCCXX
0%
321 CCCXXI
0%
322 CCCXXII
0%
325 CCCXXV
0%
327 CCCXXVII
0%
328 CCCXXVIII
0%
330 CCCXXX
0%
333 CCCXXXIII
0%
334 CCCXXXIV
0%
336 CCCXXXVI
0%
202 CCII
0%
203 CCIII
0%
252 CCLII
0%
253 CCLIII
0%
259 CCLIX
0%
256 CCLVI
0%
257 CCLVII
0%
258 CCLVIII
0%
260 CCLX
0%
261 CCLXI
0%
266 CCLXVI
0%
267 CCLXVII
0%
270 CCLXX
0%
271 CCLXXI
0%
272 CCLXXII
0%
279 CCLXXIX
0%
275 CCLXXV
0%
276 CCLXXVI
0%
283 CCLXXXIII
0%
284 CCLXXXIV
0%
289 CCLXXXIX
0%
285 CCLXXXV
0%
286 CCLXXXVI
0%
288 CCLXXXVIII
0%
210 CCX
0%
291 CCXCI
0%
294 CCXCIV
0%
299 CCXCIX
0%
296 CCXCVI
0%
211 CCXI
0%
212 CCXII
0%
213 CCXIII
0%
214 CCXIV
0%
219 CCXIX
0%
243 CCXLIII
0%
244 CCXLIV
0%
249 CCXLIX
0%
245 CCXLV
0%
246 CCXLVI
0%
247 CCXLVII
0%
217 CCXVII
0%
218 CCXVIII
0%
220 CCXX
0%
229 CCXXIX
0%
225 CCXXV
0%
226 CCXXVI
0%
227 CCXXVII
0%
228 CCXXVIII
0%
232 CCXXXII
0%
234 CCXXXIV
0%
239 CCXXXIX
0%
237 CCXXXVII
0%
400 CD
0%
404 CDIV
0%
450 CDL
0%
451 CDLI
0%
452 CDLII
0%
454 CDLIV
0%
459 CDLIX
0%
455 CDLV
0%
458 CDLVIII
0%
460 CDLX
0%
461 CDLXI
0%
464 CDLXIV
0%
465 CDLXV
0%
467 CDLXVII
0%
468 CDLXVIII
0%
470 CDLXX
0%
472 CDLXXII
0%
473 CDLXXIII
0%
478 CDLXXVIII
0%
480 CDLXXX
0%
482 CDLXXXII
0%
484 CDLXXXIV
0%
486 CDLXXXVI
0%
405 CDV
0%
406 CDVI
0%
407 CDVII
0%
408 CDVIII
0%
490 CDXC
0%
492 CDXCII
0%
493 CDXCIII
0%
494 CDXCIV
0%
499 CDXCIX
0%
498 CDXCVIII
0%
412 CDXII
0%
419 CDXIX
0%
440 CDXL
0%
441 CDXLI
0%
442 CDXLII
0%
444 CDXLIV
0%
449 CDXLIX
0%
445 CDXLV
0%
446 CDXLVI
0%
447 CDXLVII
0%
448 CDXLVIII
0%
415 CDXV
0%
416 CDXVI
0%
417 CDXVII
0%
420 CDXX
0%
422 CDXXII
0%
423 CDXXIII
0%
424 CDXXIV
0%
426 CDXXVI
0%
430 CDXXX
0%
432 CDXXXII
0%
433 CDXXXIII
0%
434 CDXXXIV
0%
439 CDXXXIX
0%
435 CDXXXV
0%
436 CDXXXVI
0%
438 CDXXXVIII
0%
151 CLI
0%
153 CLIII
0%
154 CLIV
0%
157 CLVII
0%
162 CLXII
0%
163 CLXIII
0%
164 CLXIV
0%
167 CLXVII
0%
171 CLXXI
0%
174 CLXXIV
0%
179 CLXXIX
0%
178 CLXXVIII
0%
180 CLXXX
0%
182 CLXXXII
0%
183 CLXXXIII
0%
184 CLXXXIV
0%
189 CLXXXIX
0%
188 CLXXXVIII
0%
900 CM
0%
903 CMIII
0%
904 CMIV
0%
909 CMIX
0%
950 CML
0%
951 CMLI
0%
952 CMLII
0%
953 CMLIII
0%
954 CMLIV
0%
955 CMLV
0%
956 CMLVI
0%
957 CMLVII
0%
958 CMLVIII
0%
960 CMLX
0%
961 CMLXI
0%
962 CMLXII
0%
963 CMLXIII
0%
964 CMLXIV
0%
969 CMLXIX
0%
965 CMLXV
0%
966 CMLXVI
0%
968 CMLXVIII
0%
971 CMLXXI
0%
972 CMLXXII
0%
973 CMLXXIII
0%
979 CMLXXIX
0%
975 CMLXXV
0%
976 CMLXXVI
0%
977 CMLXXVII
0%
978 CMLXXVIII
0%
980 CMLXXX
0%
981 CMLXXXI
0%
982 CMLXXXII
0%
983 CMLXXXIII
0%
984 CMLXXXIV
0%
989 CMLXXXIX
0%
985 CMLXXXV
0%
986 CMLXXXVI
0%
987 CMLXXXVII
0%
988 CMLXXXVIII
0%
905 CMV
0%
906 CMVI
0%
907 CMVII
0%
908 CMVIII
0%
910 CMX
0%
990 CMXC
0%
991 CMXCI
0%
992 CMXCII
0%
993 CMXCIII
0%
994 CMXCIV
0%
999 CMXCIX
0%
995 CMXCV
0%
996 CMXCVI
0%
997 CMXCVII
0%
998 CMXCVIII
0%
911 CMXI
0%
912 CMXII
0%
913 CMXIII
0%
914 CMXIV
0%
919 CMXIX
0%
940 CMXL
0%
941 CMXLI
0%
942 CMXLII
0%
943 CMXLIII
0%
944 CMXLIV
0%
949 CMXLIX
0%
945 CMXLV
0%
946 CMXLVI
0%
947 CMXLVII
0%
948 CMXLVIII
0%
915 CMXV
0%
916 CMXVI
0%
917 CMXVII
0%
918 CMXVIII
0%
920 CMXX
0%
921 CMXXI
0%
922 CMXXII
0%
923 CMXXIII
0%
924 CMXXIV
0%
929 CMXXIX
0%
925 CMXXV
0%
927 CMXXVII
0%
928 CMXXVIII
0%
930 CMXXX
0%
931 CMXXXI
0%
932 CMXXXII
0%
933 CMXXXIII
0%
934 CMXXXIV
0%
939 CMXXXIX
0%
935 CMXXXV
0%
190 CXC
0%
191 CXCI
0%
192 CXCII
0%
199 CXCIX
0%
197 CXCVII
0%
112 CXII
0%
140 CXL
0%
149 CXLIX
0%
135 CXXXV
0%
500 D
0%
700 DCC
0%
800 DCCC
0%
801 DCCCI
0%
803 DCCCIII
0%
804 DCCCIV
0%
809 DCCCIX
0%
852 DCCCLII
0%
854 DCCCLIV
0%
859 DCCCLIX
0%
855 DCCCLV
0%
856 DCCCLVI
0%
858 DCCCLVIII
0%
860 DCCCLX
0%
861 DCCCLXI
0%
862 DCCCLXII
0%
863 DCCCLXIII
0%
869 DCCCLXIX
0%
865 DCCCLXV
0%
866 DCCCLXVI
0%
867 DCCCLXVII
0%
868 DCCCLXVIII
0%
870 DCCCLXX
0%
871 DCCCLXXI
0%
872 DCCCLXXII
0%
873 DCCCLXXIII
0%
874 DCCCLXXIV
0%
879 DCCCLXXIX
0%
875 DCCCLXXV
0%
876 DCCCLXXVI
0%
877 DCCCLXXVII
0%
878 DCCCLXXVIII
0%
880 DCCCLXXX
0%
881 DCCCLXXXI
0%
882 DCCCLXXXII
0%
883 DCCCLXXXIII
0%
884 DCCCLXXXIV
0%
889 DCCCLXXXIX
0%
885 DCCCLXXXV
0%
886 DCCCLXXXVI
0%
888 DCCCLXXXVIII
0%
805 DCCCV
0%
806 DCCCVI
0%
807 DCCCVII
0%
808 DCCCVIII
0%
810 DCCCX
0%
890 DCCCXC
0%
891 DCCCXCI
0%
892 DCCCXCII
0%
894 DCCCXCIV
0%
899 DCCCXCIX
0%
895 DCCCXCV
0%
896 DCCCXCVI
0%
897 DCCCXCVII
0%
898 DCCCXCVIII
0%
811 DCCCXI
0%
812 DCCCXII
0%
813 DCCCXIII
0%
814 DCCCXIV
0%
819 DCCCXIX
0%
840 DCCCXL
0%
841 DCCCXLI
0%
842 DCCCXLII
0%
843 DCCCXLIII
0%
844 DCCCXLIV
0%
849 DCCCXLIX
0%
845 DCCCXLV
0%
846 DCCCXLVI
0%
848 DCCCXLVIII
0%
815 DCCCXV
0%
816 DCCCXVI
0%
817 DCCCXVII
0%
818 DCCCXVIII
0%
820 DCCCXX
0%
821 DCCCXXI
0%
822 DCCCXXII
0%
823 DCCCXXIII
0%
824 DCCCXXIV
0%
829 DCCCXXIX
0%
825 DCCCXXV
0%
826 DCCCXXVI
0%
827 DCCCXXVII
0%
828 DCCCXXVIII
0%
830 DCCCXXX
0%
831 DCCCXXXI
0%
832 DCCCXXXII
0%
834 DCCCXXXIV
0%
839 DCCCXXXIX
0%
836 DCCCXXXVI
0%
837 DCCCXXXVII
0%
838 DCCCXXXVIII
0%
701 DCCI
0%
702 DCCII
0%
703 DCCIII
0%
704 DCCIV
0%
709 DCCIX
0%
750 DCCL
0%
752 DCCLII
0%
753 DCCLIII
0%
754 DCCLIV
0%
759 DCCLIX
0%
755 DCCLV
0%
757 DCCLVII
0%
758 DCCLVIII
0%
760 DCCLX
0%
762 DCCLXII
0%
763 DCCLXIII
0%
769 DCCLXIX
0%
765 DCCLXV
0%
767 DCCLXVII
0%
768 DCCLXVIII
0%
770 DCCLXX
0%
771 DCCLXXI
0%
772 DCCLXXII
0%
773 DCCLXXIII
0%
774 DCCLXXIV
0%
779 DCCLXXIX
0%
775 DCCLXXV
0%
776 DCCLXXVI
0%
777 DCCLXXVII
0%
780 DCCLXXX
0%
781 DCCLXXXI
0%
782 DCCLXXXII
0%
783 DCCLXXXIII
0%
784 DCCLXXXIV
0%
789 DCCLXXXIX
0%
785 DCCLXXXV
0%
786 DCCLXXXVI
0%
787 DCCLXXXVII
0%
788 DCCLXXXVIII
0%
705 DCCV
0%
706 DCCVI
0%
708 DCCVIII
0%
710 DCCX
0%
791 DCCXCI
0%
792 DCCXCII
0%
793 DCCXCIII
0%
794 DCCXCIV
0%
799 DCCXCIX
0%
795 DCCXCV
0%
796 DCCXCVI
0%
797 DCCXCVII
0%
798 DCCXCVIII
0%
711 DCCXI
0%
712 DCCXII
0%
713 DCCXIII
0%
719 DCCXIX
0%
740 DCCXL
0%
741 DCCXLI
0%
742 DCCXLII
0%
744 DCCXLIV
0%
749 DCCXLIX
0%
745 DCCXLV
0%
746 DCCXLVI
0%
747 DCCXLVII
0%
715 DCCXV
0%
717 DCCXVII
0%
718 DCCXVIII
0%
720 DCCXX
0%
721 DCCXXI
0%
722 DCCXXII
0%
723 DCCXXIII
0%
724 DCCXXIV
0%
729 DCCXXIX
0%
725 DCCXXV
0%
726 DCCXXVI
0%
728 DCCXXVIII
0%
730 DCCXXX
0%
731 DCCXXXI
0%
732 DCCXXXII
0%
733 DCCXXXIII
0%
734 DCCXXXIV
0%
739 DCCXXXIX
0%
736 DCCXXXVI
0%
737 DCCXXXVII
0%
601 DCI
0%
602 DCII
0%
603 DCIII
0%
604 DCIV
0%
609 DCIX
0%
650 DCL
0%
651 DCLI
0%
652 DCLII
0%
653 DCLIII
0%
654 DCLIV
0%
659 DCLIX
0%
655 DCLV
0%
656 DCLVI
0%
657 DCLVII
0%
658 DCLVIII
0%
661 DCLXI
0%
662 DCLXII
0%
663 DCLXIII
0%
664 DCLXIV
0%
665 DCLXV
0%
666 DCLXVI
0%
667 DCLXVII
0%
668 DCLXVIII
0%
671 DCLXXI
0%
672 DCLXXII
0%
673 DCLXXIII
0%
674 DCLXXIV
0%
679 DCLXXIX
0%
675 DCLXXV
0%
676 DCLXXVI
0%
678 DCLXXVIII
0%
680 DCLXXX
0%
681 DCLXXXI
0%
682 DCLXXXII
0%
684 DCLXXXIV
0%
689 DCLXXXIX
0%
685 DCLXXXV
0%
686 DCLXXXVI
0%
688 DCLXXXVIII
0%
605 DCV
0%
606 DCVI
0%
607 DCVII
0%
608 DCVIII
0%
610 DCX
0%
690 DCXC
0%
691 DCXCI
0%
692 DCXCII
0%
694 DCXCIV
0%
699 DCXCIX
0%
695 DCXCV
0%
696 DCXCVI
0%
697 DCXCVII
0%
698 DCXCVIII
0%
611 DCXI
0%
612 DCXII
0%
614 DCXIV
0%
619 DCXIX
0%
640 DCXL
0%
641 DCXLI
0%
642 DCXLII
0%
643 DCXLIII
0%
644 DCXLIV
0%
649 DCXLIX
0%
645 DCXLV
0%
646 DCXLVI
0%
647 DCXLVII
0%
648 DCXLVIII
0%
615 DCXV
0%
616 DCXVI
0%
618 DCXVIII
0%
621 DCXXI
0%
622 DCXXII
0%
623 DCXXIII
0%
624 DCXXIV
0%
625 DCXXV
0%
626 DCXXVI
0%
627 DCXXVII
0%
628 DCXXVIII
0%
630 DCXXX
0%
633 DCXXXIII
0%
634 DCXXXIV
0%
639 DCXXXIX
0%
635 DCXXXV
0%
636 DCXXXVI
0%
637 DCXXXVII
0%
638 DCXXXVIII
0%
501 DI
0%
502 DII
0%
503 DIII
0%
504 DIV
0%
550 DL
0%
551 DLI
0%
552 DLII
0%
554 DLIV
0%
559 DLIX
0%
556 DLVI
0%
558 DLVIII
0%
560 DLX
0%
562 DLXII
0%
563 DLXIII
0%
564 DLXIV
0%
569 DLXIX
0%
565 DLXV
0%
567 DLXVII
0%
568 DLXVIII
0%
570 DLXX
0%
571 DLXXI
0%
572 DLXXII
0%
573 DLXXIII
0%
574 DLXXIV
0%
579 DLXXIX
0%
576 DLXXVI
0%
577 DLXXVII
0%
578 DLXXVIII
0%
580 DLXXX
0%
581 DLXXXI
0%
582 DLXXXII
0%
583 DLXXXIII
0%
584 DLXXXIV
0%
585 DLXXXV
0%
586 DLXXXVI
0%
587 DLXXXVII
0%
588 DLXXXVIII
0%
505 DV
0%
506 DVI
0%
507 DVII
0%
508 DVIII
0%
590 DXC
0%
592 DXCII
0%
593 DXCIII
0%
594 DXCIV
0%
599 DXCIX
0%
595 DXCV
0%
597 DXCVII
0%
598 DXCVIII
0%
512 DXII
0%
513 DXIII
0%
514 DXIV
0%
519 DXIX
0%
540 DXL
0%
541 DXLI
0%
542 DXLII
0%
543 DXLIII
0%
549 DXLIX
0%
545 DXLV
0%
546 DXLVI
0%
547 DXLVII
0%
548 DXLVIII
0%
515 DXV
0%
516 DXVI
0%
517 DXVII
0%
518 DXVIII
0%
522 DXXII
0%
523 DXXIII
0%
524 DXXIV
0%
529 DXXIX
0%
525 DXXV
0%
526 DXXVI
0%
530 DXXX
0%
531 DXXXI
0%
532 DXXXII
0%
533 DXXXIII
0%
534 DXXXIV
0%
539 DXXXIX
0%
535 DXXXV
0%
536 DXXXVI
0%
537 DXXXVII
0%
538 DXXXVIII
0%
58 LVIII
0%
74 LXXIV
0%
80 LXXX
0%
85 LXXXV
0%
1100 MC
0%
1200 MCC
0%
1300 MCCC
0%
1301 MCCCI
0%
1302 MCCCII
0%
1303 MCCCIII
0%
1304 MCCCIV
0%
1309 MCCCIX
0%
1350 MCCCL
0%
1351 MCCCLI
0%
1352 MCCCLII
0%
1354 MCCCLIV
0%
1355 MCCCLV
0%
1356 MCCCLVI
0%
1357 MCCCLVII
0%
1358 MCCCLVIII
0%
1361 MCCCLXI
0%
1362 MCCCLXII
0%
1363 MCCCLXIII
0%
1364 MCCCLXIV
0%
1369 MCCCLXIX
0%
1365 MCCCLXV
0%
1367 MCCCLXVII
0%
1368 MCCCLXVIII
0%
1371 MCCCLXXI
0%
1372 MCCCLXXII
0%
1373 MCCCLXXIII
0%
1374 MCCCLXXIV
0%
1379 MCCCLXXIX
0%
1375 MCCCLXXV
0%
1376 MCCCLXXVI
0%
1377 MCCCLXXVII
0%
1378 MCCCLXXVIII
0%
1380 MCCCLXXX
0%
1381 MCCCLXXXI
0%
1382 MCCCLXXXII
0%
1383 MCCCLXXXIII
0%
1384 MCCCLXXXIV
0%
1389 MCCCLXXXIX
0%
1385 MCCCLXXXV
0%
1386 MCCCLXXXVI
0%
1387 MCCCLXXXVII
0%
1388 MCCCLXXXVIII
0%
1305 MCCCV
0%
1306 MCCCVI
0%
1307 MCCCVII
0%
1308 MCCCVIII
0%
1310 MCCCX
0%
1390 MCCCXC
0%
1391 MCCCXCI
0%
1392 MCCCXCII
0%
1393 MCCCXCIII
0%
1394 MCCCXCIV
0%
1399 MCCCXCIX
0%
1395 MCCCXCV
0%
1396 MCCCXCVI
0%
1397 MCCCXCVII
0%
1398 MCCCXCVIII
0%
1311 MCCCXI
0%
1312 MCCCXII
0%
1313 MCCCXIII
0%
1319 MCCCXIX
0%
1341 MCCCXLI
0%
1342 MCCCXLII
0%
1343 MCCCXLIII
0%
1344 MCCCXLIV
0%
1345 MCCCXLV
0%
1346 MCCCXLVI
0%
1347 MCCCXLVII
0%
1348 MCCCXLVIII
0%
1315 MCCCXV
0%
1317 MCCCXVII
0%
1318 MCCCXVIII
0%
1320 MCCCXX
0%
1321 MCCCXXI
0%
1322 MCCCXXII
0%
1323 MCCCXXIII
0%
1324 MCCCXXIV
0%
1329 MCCCXXIX
0%
1326 MCCCXXVI
0%
1327 MCCCXXVII
0%
1328 MCCCXXVIII
0%
1330 MCCCXXX
0%
1331 MCCCXXXI
0%
1332 MCCCXXXII
0%
1333 MCCCXXXIII
0%
1334 MCCCXXXIV
0%
1339 MCCCXXXIX
0%
1335 MCCCXXXV
0%
1336 MCCCXXXVI
0%
1337 MCCCXXXVII
0%
1338 MCCCXXXVIII
0%
1201 MCCI
0%
1202 MCCII
0%
1203 MCCIII
0%
1204 MCCIV
0%
1250 MCCL
0%
1252 MCCLII
0%
1253 MCCLIII
0%
1254 MCCLIV
0%
1255 MCCLV
0%
1256 MCCLVI
0%
1257 MCCLVII
0%
1258 MCCLVIII
0%
1261 MCCLXI
0%
1262 MCCLXII
0%
1263 MCCLXIII
0%
1264 MCCLXIV
0%
1265 MCCLXV
0%
1266 MCCLXVI
0%
1267 MCCLXVII
0%
1268 MCCLXVIII
0%
1270 MCCLXX
0%
1271 MCCLXXI
0%
1272 MCCLXXII
0%
1273 MCCLXXIII
0%
1274 MCCLXXIV
0%
1279 MCCLXXIX
0%
1275 MCCLXXV
0%
1276 MCCLXXVI
0%
1277 MCCLXXVII
0%
1278 MCCLXXVIII
0%
1280 MCCLXXX
0%
1281 MCCLXXXI
0%
1282 MCCLXXXII
0%
1283 MCCLXXXIII
0%
1284 MCCLXXXIV
0%
1289 MCCLXXXIX
0%
1285 MCCLXXXV
0%
1286 MCCLXXXVI
0%
1287 MCCLXXXVII
0%
1288 MCCLXXXVIII
0%
1206 MCCVI
0%
1207 MCCVII
0%
1208 MCCVIII
0%
1210 MCCX
0%
1290 MCCXC
0%
1291 MCCXCI
0%
1292 MCCXCII
0%
1293 MCCXCIII
0%
1294 MCCXCIV
0%
1299 MCCXCIX
0%
1295 MCCXCV
0%
1297 MCCXCVII
0%
1298 MCCXCVIII
0%
1212 MCCXII
0%
1213 MCCXIII
0%
1214 MCCXIV
0%
1219 MCCXIX
0%
1240 MCCXL
0%
1241 MCCXLI
0%
1242 MCCXLII
0%
1243 MCCXLIII
0%
1244 MCCXLIV
0%
1249 MCCXLIX
0%
1245 MCCXLV
0%
1247 MCCXLVII
0%
1248 MCCXLVIII
0%
1215 MCCXV
0%
1216 MCCXVI
0%
1217 MCCXVII
0%
1218 MCCXVIII
0%
1221 MCCXXI
0%
1222 MCCXXII
0%
1224 MCCXXIV
0%
1229 MCCXXIX
0%
1226 MCCXXVI
0%
1230 MCCXXX
0%
1231 MCCXXXI
0%
1232 MCCXXXII
0%
1233 MCCXXXIII
0%
1234 MCCXXXIV
0%
1235 MCCXXXV
0%
1237 MCCXXXVII
0%
1400 MCD
0%
1401 MCDI
0%
1403 MCDIII
0%
1404 MCDIV
0%
1409 MCDIX
0%
1450 MCDL
0%
1452 MCDLII
0%
1453 MCDLIII
0%
1454 MCDLIV
0%
1459 MCDLIX
0%
1455 MCDLV
0%
1456 MCDLVI
0%
1457 MCDLVII
0%
1458 MCDLVIII
0%
1460 MCDLX
0%
1461 MCDLXI
0%
1463 MCDLXIII
0%
1464 MCDLXIV
0%
1469 MCDLXIX
0%
1466 MCDLXVI
0%
1467 MCDLXVII
0%
1471 MCDLXXI
0%
1472 MCDLXXII
0%
1473 MCDLXXIII
0%
1474 MCDLXXIV
0%
1479 MCDLXXIX
0%
1475 MCDLXXV
0%
1476 MCDLXXVI
0%
1477 MCDLXXVII
0%
1478 MCDLXXVIII
0%
1480 MCDLXXX
0%
1481 MCDLXXXI
0%
1482 MCDLXXXII
0%
1483 MCDLXXXIII
0%
1484 MCDLXXXIV
0%
1489 MCDLXXXIX
0%
1485 MCDLXXXV
0%
1486 MCDLXXXVI
0%
1488 MCDLXXXVIII
0%
1405 MCDV
0%
1406 MCDVI
0%
1408 MCDVIII
0%
1410 MCDX
0%
1490 MCDXC
0%
1491 MCDXCI
0%
1492 MCDXCII
0%
1493 MCDXCIII
0%
1494 MCDXCIV
0%
1499 MCDXCIX
0%
1495 MCDXCV
0%
1496 MCDXCVI
0%
1497 MCDXCVII
0%
1498 MCDXCVIII
0%
1411 MCDXI
0%
1412 MCDXII
0%
1413 MCDXIII
0%
1414 MCDXIV
0%
1419 MCDXIX
0%
1440 MCDXL
0%
1441 MCDXLI
0%
1442 MCDXLII
0%
1443 MCDXLIII
0%
1444 MCDXLIV
0%
1449 MCDXLIX
0%
1445 MCDXLV
0%
1446 MCDXLVI
0%
1447 MCDXLVII
0%
1448 MCDXLVIII
0%
1415 MCDXV
0%
1416 MCDXVI
0%
1417 MCDXVII
0%
1418 MCDXVIII
0%
1420 MCDXX
0%
1421 MCDXXI
0%
1422 MCDXXII
0%
1429 MCDXXIX
0%
1425 MCDXXV
0%
1427 MCDXXVII
0%
1428 MCDXXVIII
0%
1430 MCDXXX
0%
1431 MCDXXXI
0%
1432 MCDXXXII
0%
1433 MCDXXXIII
0%
1434 MCDXXXIV
0%
1435 MCDXXXV
0%
1436 MCDXXXVI
0%
1438 MCDXXXVIII
0%
1101 MCI
0%
1102 MCII
0%
1103 MCIII
0%
1109 MCIX
0%
1150 MCL
0%
1151 MCLI
0%
1152 MCLII
0%
1154 MCLIV
0%
1159 MCLIX
0%
1155 MCLV
0%
1156 MCLVI
0%
1161 MCLXI
0%
1162 MCLXII
0%
1163 MCLXIII
0%
1164 MCLXIV
0%
1169 MCLXIX
0%
1165 MCLXV
0%
1166 MCLXVI
0%
1167 MCLXVII
0%
1168 MCLXVIII
0%
1170 MCLXX
0%
1172 MCLXXII
0%
1173 MCLXXIII
0%
1174 MCLXXIV
0%
1179 MCLXXIX
0%
1175 MCLXXV
0%
1176 MCLXXVI
0%
1177 MCLXXVII
0%
1178 MCLXXVIII
0%
1180 MCLXXX
0%
1181 MCLXXXI
0%
1182 MCLXXXII
0%
1183 MCLXXXIII
0%
1184 MCLXXXIV
0%
1189 MCLXXXIX
0%
1185 MCLXXXV
0%
1186 MCLXXXVI
0%
1187 MCLXXXVII
0%
1900 MCM
0%
1901 MCMI
0%
1902 MCMII
0%
1903 MCMIII
0%
1904 MCMIV
0%
1909 MCMIX
0%
1950 MCML
0%
1951 MCMLI
0%
1952 MCMLII
0%
1953 MCMLIII
0%
1954 MCMLIV
0%
1959 MCMLIX
0%
1955 MCMLV
0%
1956 MCMLVI
0%
1957 MCMLVII
0%
1958 MCMLVIII
0%
1960 MCMLX
0%
1961 MCMLXI
0%
1962 MCMLXII
0%
1964 MCMLXIV
0%
1969 MCMLXIX
0%
1965 MCMLXV
0%
1966 MCMLXVI
0%
1967 MCMLXVII
0%
1968 MCMLXVIII
0%
1970 MCMLXX
0%
1971 MCMLXXI
0%
1973 MCMLXXIII
0%
1974 MCMLXXIV
0%
1979 MCMLXXIX
0%
1975 MCMLXXV
0%
1976 MCMLXXVI
0%
1977 MCMLXXVII
0%
1978 MCMLXXVIII
0%
1980 MCMLXXX
0%
1981 MCMLXXXI
0%
1982 MCMLXXXII
0%
1983 MCMLXXXIII
0%
1989 MCMLXXXIX
0%
1985 MCMLXXXV
0%
1986 MCMLXXXVI
0%
1987 MCMLXXXVII
0%
1905 MCMV
0%
1906 MCMVI
0%
1908 MCMVIII
0%
1910 MCMX
0%
1990 MCMXC
0%
1991 MCMXCI
0%
1992 MCMXCII
0%
1993 MCMXCIII
0%
1994 MCMXCIV
0%
1999 MCMXCIX
0%
1995 MCMXCV
0%
1996 MCMXCVI
0%
1997 MCMXCVII
0%
1998 MCMXCVIII
0%
1911 MCMXI
0%
1913 MCMXIII
0%
1914 MCMXIV
0%
1919 MCMXIX
0%
1940 MCMXL
0%
1941 MCMXLI
0%
1942 MCMXLII
0%
1943 MCMXLIII
0%
1949 MCMXLIX
0%
1945 MCMXLV
0%
1946 MCMXLVI
0%
1947 MCMXLVII
0%
1915 MCMXV
0%
1916 MCMXVI
0%
1917 MCMXVII
0%
1918 MCMXVIII
0%
1920 MCMXX
0%
1921 MCMXXI
0%
1922 MCMXXII
0%
1923 MCMXXIII
0%
1924 MCMXXIV
0%
1929 MCMXXIX
0%
1925 MCMXXV
0%
1927 MCMXXVII
0%
1928 MCMXXVIII
0%
1931 MCMXXXI
0%
1932 MCMXXXII
0%
1933 MCMXXXIII
0%
1934 MCMXXXIV
0%
1939 MCMXXXIX
0%
1935 MCMXXXV
0%
1936 MCMXXXVI
0%
1937 MCMXXXVII
0%
1105 MCV
0%
1106 MCVI
0%
1107 MCVII
0%
1108 MCVIII
0%
1110 MCX
0%
1190 MCXC
0%
1191 MCXCI
0%
1192 MCXCII
0%
1193 MCXCIII
0%
1194 MCXCIV
0%
1199 MCXCIX
0%
1197 MCXCVII
0%
1198 MCXCVIII
0%
1111 MCXI
0%
1112 MCXII
0%
1114 MCXIV
0%
1119 MCXIX
0%
1140 MCXL
0%
1141 MCXLI
0%
1142 MCXLII
0%
1143 MCXLIII
0%
1144 MCXLIV
0%
1149 MCXLIX
0%
1146 MCXLVI
0%
1147 MCXLVII
0%
1115 MCXV
0%
1116 MCXVI
0%
1117 MCXVII
0%
1118 MCXVIII
0%
1120 MCXX
0%
1121 MCXXI
0%
1122 MCXXII
0%
1124 MCXXIV
0%
1129 MCXXIX
0%
1125 MCXXV
0%
1126 MCXXVI
0%
1127 MCXXVII
0%
1128 MCXXVIII
0%
1131 MCXXXI
0%
1132 MCXXXII
0%
1133 MCXXXIII
0%
1139 MCXXXIX
0%
1135 MCXXXV
0%
1136 MCXXXVI
0%
1137 MCXXXVII
0%
1500 MD
0%
1600 MDC
0%
1700 MDCC
0%
1800 MDCCC
0%
1802 MDCCCII
0%
1803 MDCCCIII
0%
1804 MDCCCIV
0%
1809 MDCCCIX
0%
1851 MDCCCLI
0%
1852 MDCCCLII
0%
1853 MDCCCLIII
0%
1854 MDCCCLIV
0%
1855 MDCCCLV
0%
1856 MDCCCLVI
0%
1857 MDCCCLVII
0%
1858 MDCCCLVIII
0%
1860 MDCCCLX
0%
1861 MDCCCLXI
0%
1862 MDCCCLXII
0%
1863 MDCCCLXIII
0%
1864 MDCCCLXIV
0%
1869 MDCCCLXIX
0%
1865 MDCCCLXV
0%
1866 MDCCCLXVI
0%
1867 MDCCCLXVII
0%
1868 MDCCCLXVIII
0%
1870 MDCCCLXX
0%
1871 MDCCCLXXI
0%
1872 MDCCCLXXII
0%
1873 MDCCCLXXIII
0%
1874 MDCCCLXXIV
0%
1879 MDCCCLXXIX
0%
1875 MDCCCLXXV
0%
1876 MDCCCLXXVI
0%
1878 MDCCCLXXVIII
0%
1880 MDCCCLXXX
0%
1881 MDCCCLXXXI
0%
1882 MDCCCLXXXII
0%
1883 MDCCCLXXXIII
0%
1884 MDCCCLXXXIV
0%
1889 MDCCCLXXXIX
0%
1885 MDCCCLXXXV
0%
1886 MDCCCLXXXVI
0%
1887 MDCCCLXXXVII
0%
1888 MDCCCLXXXVIII
0%
1805 MDCCCV
0%
1806 MDCCCVI
0%
1807 MDCCCVII
0%
1808 MDCCCVIII
0%
1810 MDCCCX
0%
1891 MDCCCXCI
0%
1892 MDCCCXCII
0%
1893 MDCCCXCIII
0%
1894 MDCCCXCIV
0%
1899 MDCCCXCIX
0%
1895 MDCCCXCV
0%
1896 MDCCCXCVI
0%
1898 MDCCCXCVIII
0%
1811 MDCCCXI
0%
1813 MDCCCXIII
0%
1814 MDCCCXIV
0%
1819 MDCCCXIX
0%
1840 MDCCCXL
0%
1841 MDCCCXLI
0%
1842 MDCCCXLII
0%
1843 MDCCCXLIII
0%
1844 MDCCCXLIV
0%
1849 MDCCCXLIX
0%
1845 MDCCCXLV
0%
1846 MDCCCXLVI
0%
1847 MDCCCXLVII
0%
1848 MDCCCXLVIII
0%
1815 MDCCCXV
0%
1816 MDCCCXVI
0%
1817 MDCCCXVII
0%
1818 MDCCCXVIII
0%
1820 MDCCCXX
0%
1821 MDCCCXXI
0%
1822 MDCCCXXII
0%
1829 MDCCCXXIX
0%
1825 MDCCCXXV
0%
1826 MDCCCXXVI
0%
1827 MDCCCXXVII
0%
1830 MDCCCXXX
0%
1831 MDCCCXXXI
0%
1832 MDCCCXXXII
0%
1833 MDCCCXXXIII
0%
1834 MDCCCXXXIV
0%
1835 MDCCCXXXV
0%
1836 MDCCCXXXVI
0%
1837 MDCCCXXXVII
0%
1838 MDCCCXXXVIII
0%
1701 MDCCI
0%
1702 MDCCII
0%
1703 MDCCIII
0%
1704 MDCCIV
0%
1709 MDCCIX
0%
1750 MDCCL
0%
1751 MDCCLI
0%
1753 MDCCLIII
0%
1759 MDCCLIX
0%
1755 MDCCLV
0%
1756 MDCCLVI
0%
1758 MDCCLVIII
0%
1760 MDCCLX
0%
1761 MDCCLXI
0%
1762 MDCCLXII
0%
1764 MDCCLXIV
0%
1769 MDCCLXIX
0%
1765 MDCCLXV
0%
1766 MDCCLXVI
0%
1767 MDCCLXVII
0%
1768 MDCCLXVIII
0%
1770 MDCCLXX
0%
1771 MDCCLXXI
0%
1772 MDCCLXXII
0%
1773 MDCCLXXIII
0%
1774 MDCCLXXIV
0%
1779 MDCCLXXIX
0%
1775 MDCCLXXV
0%
1776 MDCCLXXVI
0%
1777 MDCCLXXVII
0%
1778 MDCCLXXVIII
0%
1780 MDCCLXXX
0%
1781 MDCCLXXXI
0%
1782 MDCCLXXXII
0%
1783 MDCCLXXXIII
0%
1789 MDCCLXXXIX
0%
1785 MDCCLXXXV
0%
1786 MDCCLXXXVI
0%
1787 MDCCLXXXVII
0%
1788 MDCCLXXXVIII
0%
1706 MDCCVI
0%
1707 MDCCVII
0%
1708 MDCCVIII
0%
1710 MDCCX
0%
1790 MDCCXC
0%
1791 MDCCXCI
0%
1792 MDCCXCII
0%
1793 MDCCXCIII
0%
1794 MDCCXCIV
0%
1799 MDCCXCIX
0%
1795 MDCCXCV
0%
1796 MDCCXCVI
0%
1797 MDCCXCVII
0%
1798 MDCCXCVIII
0%
1711 MDCCXI
0%
1712 MDCCXII
0%
1713 MDCCXIII
0%
1714 MDCCXIV
0%
1719 MDCCXIX
0%
1740 MDCCXL
0%
1741 MDCCXLI
0%
1742 MDCCXLII
0%
1743 MDCCXLIII
0%
1744 MDCCXLIV
0%
1749 MDCCXLIX
0%
1745 MDCCXLV
0%
1746 MDCCXLVI
0%
1747 MDCCXLVII
0%
1748 MDCCXLVIII
0%
1715 MDCCXV
0%
1717 MDCCXVII
0%
1718 MDCCXVIII
0%
1720 MDCCXX
0%
1721 MDCCXXI
0%
1722 MDCCXXII
0%
1723 MDCCXXIII
0%
1724 MDCCXXIV
0%
1729 MDCCXXIX
0%
1725 MDCCXXV
0%
1726 MDCCXXVI
0%
1727 MDCCXXVII
0%
1728 MDCCXXVIII
0%
1730 MDCCXXX
0%
1731 MDCCXXXI
0%
1732 MDCCXXXII
0%
1733 MDCCXXXIII
0%
1734 MDCCXXXIV
0%
1739 MDCCXXXIX
0%
1735 MDCCXXXV
0%
1737 MDCCXXXVII
0%
1601 MDCI
0%
1602 MDCII
0%
1603 MDCIII
0%
1604 MDCIV
0%
1609 MDCIX
0%
1650 MDCL
0%
1651 MDCLI
0%
1652 MDCLII
0%
1653 MDCLIII
0%
1654 MDCLIV
0%
1655 MDCLV
0%
1656 MDCLVI
0%
1657 MDCLVII
0%
1658 MDCLVIII
0%
1660 MDCLX
0%
1661 MDCLXI
0%
1662 MDCLXII
0%
1663 MDCLXIII
0%
1664 MDCLXIV
0%
1669 MDCLXIX
0%
1665 MDCLXV
0%
1666 MDCLXVI
0%
1667 MDCLXVII
0%
1668 MDCLXVIII
0%
1670 MDCLXX
0%
1671 MDCLXXI
0%
1673 MDCLXXIII
0%
1674 MDCLXXIV
0%
1679 MDCLXXIX
0%
1675 MDCLXXV
0%
1676 MDCLXXVI
0%
1677 MDCLXXVII
0%
1678 MDCLXXVIII
0%
1680 MDCLXXX
0%
1681 MDCLXXXI
0%
1682 MDCLXXXII
0%
1683 MDCLXXXIII
0%
1684 MDCLXXXIV
0%
1689 MDCLXXXIX
0%
1685 MDCLXXXV
0%
1686 MDCLXXXVI
0%
1687 MDCLXXXVII
0%
1688 MDCLXXXVIII
0%
1605 MDCV
0%
1606 MDCVI
0%
1607 MDCVII
0%
1608 MDCVIII
0%
1610 MDCX
0%
1690 MDCXC
0%
1691 MDCXCI
0%
1692 MDCXCII
0%
1693 MDCXCIII
0%
1694 MDCXCIV
0%
1699 MDCXCIX
0%
1695 MDCXCV
0%
1696 MDCXCVI
0%
1697 MDCXCVII
0%
1698 MDCXCVIII
0%
1611 MDCXI
0%
1612 MDCXII
0%
1613 MDCXIII
0%
1614 MDCXIV
0%
1619 MDCXIX
0%
1640 MDCXL
0%
1641 MDCXLI
0%
1642 MDCXLII
0%
1643 MDCXLIII
0%
1649 MDCXLIX
0%
1645 MDCXLV
0%
1646 MDCXLVI
0%
1647 MDCXLVII
0%
1648 MDCXLVIII
0%
1615 MDCXV
0%
1616 MDCXVI
0%
1617 MDCXVII
0%
1618 MDCXVIII
0%
1620 MDCXX
0%
1621 MDCXXI
0%
1622 MDCXXII
0%
1624 MDCXXIV
0%
1625 MDCXXV
0%
1627 MDCXXVII
0%
1628 MDCXXVIII
0%
1630 MDCXXX
0%
1631 MDCXXXI
0%
1632 MDCXXXII
0%
1633 MDCXXXIII
0%
1634 MDCXXXIV
0%
1639 MDCXXXIX
0%
1635 MDCXXXV
0%
1636 MDCXXXVI
0%
1637 MDCXXXVII
0%
1638 MDCXXXVIII
0%
1501 MDI
0%
1502 MDII
0%
1503 MDIII
0%
1504 MDIV
0%
1509 MDIX
0%
1550 MDL
0%
1551 MDLI
0%
1552 MDLII
0%
1553 MDLIII
0%
1554 MDLIV
0%
1559 MDLIX
0%
1555 MDLV
0%
1556 MDLVI
0%
1557 MDLVII
0%
1558 MDLVIII
0%
1561 MDLXI
0%
1562 MDLXII
0%
1564 MDLXIV
0%
1565 MDLXV
0%
1566 MDLXVI
0%
1567 MDLXVII
0%
1568 MDLXVIII
0%
1571 MDLXXI
0%
1573 MDLXXIII
0%
1574 MDLXXIV
0%
1579 MDLXXIX
0%
1575 MDLXXV
0%
1576 MDLXXVI
0%
1577 MDLXXVII
0%
1578 MDLXXVIII
0%
1580 MDLXXX
0%
1581 MDLXXXI
0%
1582 MDLXXXII
0%
1583 MDLXXXIII
0%
1584 MDLXXXIV
0%
1589 MDLXXXIX
0%
1586 MDLXXXVI
0%
1587 MDLXXXVII
0%
1588 MDLXXXVIII
0%
1506 MDVI
0%
1508 MDVIII
0%
1510 MDX
0%
1590 MDXC
0%
1591 MDXCI
0%
1592 MDXCII
0%
1593 MDXCIII
0%
1594 MDXCIV
0%
1599 MDXCIX
0%
1595 MDXCV
0%
1596 MDXCVI
0%
1597 MDXCVII
0%
1598 MDXCVIII
0%
1511 MDXI
0%
1512 MDXII
0%
1513 MDXIII
0%
1540 MDXL
0%
1541 MDXLI
0%
1542 MDXLII
0%
1543 MDXLIII
0%
1544 MDXLIV
0%
1549 MDXLIX
0%
1545 MDXLV
0%
1546 MDXLVI
0%
1548 MDXLVIII
0%
1515 MDXV
0%
1516 MDXVI
0%
1517 MDXVII
0%
1518 MDXVIII
0%
1520 MDXX
0%
1522 MDXXII
0%
1523 MDXXIII
0%
1524 MDXXIV
0%
1529 MDXXIX
0%
1525 MDXXV
0%
1526 MDXXVI
0%
1527 MDXXVII
0%
1528 MDXXVIII
0%
1530 MDXXX
0%
1531 MDXXXI
0%
1533 MDXXXIII
0%
1539 MDXXXIX
0%
1535 MDXXXV
0%
1536 MDXXXVI
0%
1537 MDXXXVII
0%
1538 MDXXXVIII
0%
1001 MI
0%
1002 MII
0%
1003 MIII
0%
1009 MIX
0%
1050 ML
0%
1051 MLI
0%
1052 MLII
0%
1053 MLIII
0%
1054 MLIV
0%
1059 MLIX
0%
1055 MLV
0%
1056 MLVI
0%
1057 MLVII
0%
1058 MLVIII
0%
1060 MLX
0%
1061 MLXI
0%
1062 MLXII
0%
1063 MLXIII
0%
1064 MLXIV
0%
1069 MLXIX
0%
1065 MLXV
0%
1066 MLXVI
0%
1067 MLXVII
0%
1068 MLXVIII
0%
1070 MLXX
0%
1071 MLXXI
0%
1073 MLXXIII
0%
1074 MLXXIV
0%
1075 MLXXV
0%
1076 MLXXVI
0%
1077 MLXXVII
0%
1078 MLXXVIII
0%
1080 MLXXX
0%
1082 MLXXXII
0%
1083 MLXXXIII
0%
1084 MLXXXIV
0%
1089 MLXXXIX
0%
1085 MLXXXV
0%
1086 MLXXXVI
0%
1087 MLXXXVII
0%
1005 MV
0%
1006 MVI
0%
1007 MVII
0%
1008 MVIII
0%
1010 MX
0%
1090 MXC
0%
1091 MXCI
0%
1092 MXCII
0%
1094 MXCIV
0%
1099 MXCIX
0%
1095 MXCV
0%
1096 MXCVI
0%
1097 MXCVII
0%
1098 MXCVIII
0%
1011 MXI
0%
1012 MXII
0%
1014 MXIV
0%
1019 MXIX
0%
1040 MXL
0%
1041 MXLI
0%
1042 MXLII
0%
1049 MXLIX
0%
1045 MXLV
0%
1046 MXLVI
0%
1047 MXLVII
0%
1048 MXLVIII
0%
1015 MXV
0%
1016 MXVI
0%
1017 MXVII
0%
1018 MXVIII
0%
1021 MXXI
0%
1022 MXXII
0%
1023 MXXIII
0%
1024 MXXIV
0%
1026 MXXVI
0%
1027 MXXVII
0%
1031 MXXXI
0%
1032 MXXXII
0%
1033 MXXXIII
0%
1034 MXXXIV
0%
1039 MXXXIX
0%
1035 MXXXV
0%
1036 MXXXVI
0%
1037 MXXXVII
0%
1038 MXXXVIII
0%
No se encontraron pruebas coincidentes
Distribución de puntuación
Porcentaje de gente con cada puntuación
Porcentaje por número respondido
Historial de tus puntuaciones
No has intentado esta prueba.